000 00918nam0a22003011 4500
001 RU\INFOCOMM_318\NLR\5000072888
005 20250613103713.0
035 _a(NLR Aleph) 009477775
090 _a8567949
_c8567949
100 _a20121126d1916 |||y0rusy50 ca
101 1 _apol
_cara
102 _aRU
105 _ay z |||||
200 1 _aZłoty poemat
_fImruulkajs
_gZ arab. przeł. Kazimierz Żandr
210 _aPetrograd
_d1916
215 _a14 с.
_cил.
_d24 см
316 _aВладел. автогр. И. К.
620 _aСанкт-Петербург
686 _aШ5(0)961.34-4Имру-ль-Кайс
_2rubbk
686 _aЛф13
_2rubbk
700 1 _9z01790
_aImru'al-Kais ibn Ḣujr
_fок. 530-
702 1 _aŻandr
_bK.
_gKazimierz
_4730
790 1 _9z01700
_aImruulkajs
_4070
801 1 _aRU
_bNLR
_c20121126
801 0 _aRU
_bINFOCOMM
_gPSBO
852 _aNLR
_jКрI/5421
942 _cBOOK
980 _aNB